MARC

LEADER 00000nam0a2200000 4500
001 277267
005 20231101235011.0
035 |a (RuTPU)RU\TPU\book\300540 
090 |a 277267 
100 |a 20141201d1985 km y0rusy5003 ca 
101 0 |a rus 
102 |a RU 
105 |a a z 001zy 
200 1 |a Подогрев воздуха на тепловых электростанциях  |f Л. Е. Апатовский, В. Н. Фомина, В. А. Халупович  |g Л. Е. Апатовского 
210 |a Москва  |c Энергоатомиздат  |d 1985 
215 |a 120 с.  |c ил. 
320 |a Библиогр.: с. 115-118 (80 назв.) 
606 1 |a Тепловые электрические станции  |x Воздухоподогреватели  |2 stltpush  |3 (RuTPU)RU\TPU\subj\59607  |9 77117 
610 1 |a котельное оборудование 
610 1 |a подогрев 
610 1 |a воздух 
610 1 |a воздуходувки 
610 1 |a предварительный подогрев 
610 1 |a тепловая эффективность 
610 1 |a питательная вода 
610 1 |a утилизация 
610 1 |a теплота 
610 1 |a уходящие газы 
610 1 |a пылеприготовительные установки 
610 1 |a технико-экономическая эффективность 
675 |a 621.311.22.002.5:621.184  |v 3 
700 1 |a Апатовский  |b Л. Е.  |g Лев Ефимович 
701 1 |a Фомина  |b В. Н.  |g Валентина Николаевна 
701 1 |a Халупович  |b В. А.  |g Вадим Абрамович 
702 1 |a Апатовский  |b Л. Е.  |g Лев Ефимович 
801 0 |a RU  |b RuMRKP  |c 19950704  |g psbo 
801 1 |a RU  |b 63413507  |c 20141201 
801 2 |a RU  |b 63413507  |c 20171218  |g RCR 
942 |c BK